Indian politics today: (Record no. 37593)

MARC details
000 -LEADER
fixed length control field 00767nam a22002057a 4500
005 - DATE AND TIME OF LATEST TRANSACTION
control field 20100724152615.0
010 ## - LCCN (DPL NO)
LC control number ENG-96674
020 ## - INTERNATIONAL STANDARD BOOK NUMBER
International Standard Book Number 9788189833961
Terms of availability 240.00
035 ## - SYSTEM CONTROL NUMBER
System control number EN-80207
037 ## - SOURCE OF ACQUISITION
Source of stock number/acquisition DBAD/PUB
082 ## - DEWEY DECIMAL CLASSIFICATION NUMBER
Classification number 954.035
100 ## - MAIN ENTRY--PERSONAL NAME
Personal name Randhir Singh
245 ## - TITLE STATEMENT
Title Indian politics today:
Remainder of title An argument for socialism-oriented path of development /
Statement of responsibility, etc by Randhir Singh
260 ## - PUBLICATION, DISTRIBUTION, ETC. (IMPRINT)
Place of publication, distribution, etc Delhi
Name of publisher, distributor, etc Aakar Books
Date of publication, distribution, etc 2009
270 ## - ADDRESS
Address 28 E Pocket IV, Mayur Vihar Phase I
City Delhi
Postal code 110091
300 ## - PHYSICAL DESCRIPTION
Extent 119p.
Dimensions 22cm. (Hb)
505 ## - FORMATTED CONTENTS NOTE
Formatted contents note T. Nagi Reddy Memorial Lecture
942 ## - ADDED ENTRY ELEMENTS (KOHA)
Source of classification or shelving scheme Dewey Decimal Classification
Item type English Books
Classification part 954.035
Call number suffix RAN
Holdings
Withdrawn status Lost status Not for loan Collection code Home library Current library Date acquired Source of acquisition Cost, normal purchase price Full call number Barcode Copy number Cost, replacement price Koha item type
    Not For Loan Non-fiction D.B.Act.Division D.B.Act.Division 24/07/2010 DBAD/PUB 240.00 954.035 SIN EN-80207 1 240.00 English Books

© Delhi Public Library
Hit Counter
free hit counter